Traumaregény - a gyógyulás reményével Durica Katarina az írásról, női sorsokról, társadalmi tabukról és a családi szerepekről

Bibliographic Details
Other Authors: Hekler, Melinda (Interviewer)
Format: Article
Language:Hungarian
PhysicalDescription:Fotografie
ISSN:0866-1707
Subjects:

MARC

LEADER 00000nab a2200000 4500
001 vtls011772396
003 SK-MaSNL
005 20260318132810.0
008 180814|2018 xo |||| || ||00 0|hun
015 |a SNBRB2018/08 
038 |a DSZK 
040 |a DSZK  |b slo  |c DSZK  |e rda 
041 |a hun 
043 |a e-xo--- 
044 |a xo  |c SK 
072 7 |a 82  |x Literatúra. Literárny život  |2 konspekt 
080 |a 821.511.141-055.2  |x (437.6)  |2 2011 
100 1 |a Hekler, Melinda  |4 ivr  |9 1194689 
245 1 0 |a Traumaregény - a gyógyulás reményével  |b Durica Katarina az írásról, női sorsokról, társadalmi tabukról és a családi szerepekről  |c Hekler Melinda 
300 |b Fotografie 
336 |a text  |b txt  |2 rdacontent 
337 |a bez média  |b n  |2 rdamedia 
338 |a zväzok  |b nc  |2 rdacarrier 
600 1 7 |a Durica, Katarina,  |d 1983-  |2 dszk  |9 223832 
650 0 7 |a spisovateľky  |2 SNKPH  |9 112693 
650 0 7 |a osobnosti  |2 SNKPH  |9 29820 
651 7 |a Šamorín (Slovensko)  |2 SNKPHgeo  |9 28925 
700 1 |a Durica, Katarina,  |d 1983-  |4 ive  |9 223832 
773 0 |t A Szív  |g Évf. 104, sz. 7 (2018), o. 18-23  |x 0866-1707 
958 |a SK 
958 |a HU 
958 |a BX 
958 |a LX 
999 |c 2079062  |d 2080992